[Event "Bhubaneswar op-A 14th"]
[Site "Bhubaneswar"]
[Date "2023.06.12"]
[Round "2"]
[White "Sanjay, Thakurel"]
[Black "Sanjay Narayanan, PS."]
[Result "0-1"]
[WhiteElo "1949"]
[BlackElo "1612"]
[PlyCount "66"]
[EventDate "2023.06.11"]
[EventType "swiss"]
[EventRounds "10"]
[EventCountry "IND"]
[SourceTitle "EXT 2024"]
[Source "ChessBase"]
[SourceDate "2023.10.10"]
[SourceVersion "1"]
[SourceVersionDate "2023.10.10"]
[SourceQuality "1"]

1. e4 c5 2. Nf3 d6 3. d4 cxd4 4. Nxd4 Nf6 5. Nc3 a6 6. Bg5 e6 7. f4 Be7 8. Qf3 Qc7 9. 0-0-0 Nbd7 10. g4 b5 11. Bxf6 Nxf6 12. g5 Nd7 13. h4 b4 14. Nce2 Bb7 15. Kb1 Rc8 16. Rc1 Nc5 17. Ng3 0-0 18. f5 d5 19. f6 Nxe4 20. Nxe4 dxe4 21. Qg4 Bc5 22. g6 hxg6 23. Nxe6 fxe6 24. Qxe6+ Qf7 25. Bc4 Be3 26. Qxf7+ Rxf7 27. Bxf7+ Kxf7 28. Rcd1 Bc6 29. fxg7 Bf2 30. h5 e3 31. hxg6+ Kxg7 32. Rh7+ Kxg6 33. Re7 Kf6 0-1

[Event "Bhubaneswar op-A 14th"]
[Site "Bhubaneswar"]
[Date "2023.06.11"]
[Round "1"]
[White "Sanjay Narayanan, PS."]
[Black "Sharnarthi, Viresh"]
[Result "1-0"]
[WhiteElo "1612"]
[BlackElo "1781"]
[PlyCount "185"]
[EventDate "2023.06.11"]
[EventType "swiss"]
[EventRounds "10"]
[EventCountry "IND"]
[SourceTitle "EXT 2024"]
[Source "ChessBase"]
[SourceDate "2023.10.10"]
[SourceVersion "1"]
[SourceVersionDate "2023.10.10"]
[SourceQuality "1"]

1. e4 c5 2. Nf3 d6 3. d4 cxd4 4. Nxd4 Nf6 5. Nc3 a6 6. Be3 e5 7. Nb3 Be6 8. f3 Nbd7 9. Qd2 h5 10. Nd5 Bxd5 11. exd5 g6 12. Be2 Bg7 13. c4 0-0 14. 0-0 e4 15. Bd4 Re8 16. fxe4 Nxe4 17. Qf4 Bxd4+ 18. Nxd4 Qf6 19. Qe3 Qe5 20. Rae1 Nef6 21. Qd2 Qe3+ 22. Qxe3 Rxe3 23. Bf3 Rae8 24. Kf2 Rxe1 25. Rxe1 Ne5 26. Be2 Nfg4+ 27. Kg1 Nxc4 28. h3 Nh6 29. Rc1 Nxb2 30. Rb1 Na4 31. Rxb7 Re4 32. Rb4 Nc5 33. Bf3 Re3 34. Rb6 Rd3 35. Nb3 Nf5 36. Nxc5 dxc5 37. Rxa6 c4 38. Be2 Rd2 39. Bxc4 Ne3 40. Bb3 Rxg2+ 41. Kh1 Rd2 42. d6 Nf5 43. d7 Kg7 44. Ba4 Nh4 45. Bc6 f5 46. Ra8 Nf3 47. Bxf3 Rxd7 48. a4 Rd3 49. Kg2 Rd2+ 50. Kf1 Rd3 51. Ke2 Ra3 52. a5 g5 53. a6 g4 54. hxg4 fxg4 55. Bd5 h4 56. a7 Kh7 57. Bg8+ Kg7 58. Be6 Kh7 59. Bxg4 Kg7 60. Kd2 Kh7 61. Kc2 Kg7 62. Kb2 Ra5 63. Kb3 Ra6 64. Kc4 Ra1 65. Kd5 Ra6 66. Ke5 Kh7 67. Kf4 Ra5 68. Bf5+ Kg7 69. Kg4 Ra4+ 70. Kh3 Ra3+ 71. Kxh4 Ra4+ 72. Kg5 Ra3 73. Kf4 Ra4+ 74. Ke5 Ra5+ 75. Kd6 Ra3 76. Kc5 Ra2 77. Bd3 Ra3 78. Kb6 Rxd3 79. Re8 Rb3+ 80. Kc5 Ra3 81. a8Q Rxa8 82. Rxa8 Kf6 83. Kd5 Kf5 84. Rf8+ Kg4 85. Ke4 Kg5 86. Rf4 Kg6 87. Rf5 Kg7 88. Ke5 Kg6 89. Ke6 Kg7 90. Rf6 Kh8 91. Kf7 Kh7 92. Rg6 Kh8 93. Rh6# 1-0

[Event "IND-ch U10"]
[Site "Jammu"]
[Date "2022.04.28"]
[Round "6"]
[White "Sanjay Narayanan, PS."]
[Black "Mithilesh, Ranjithkumar"]
[Result "1/2-1/2"]
[WhiteElo "1286"]
[BlackElo "1151"]
[PlyCount "160"]
[EventDate "2022.04.26"]
[EventType "swiss"]
[EventRounds "11"]
[EventCountry "IND"]
[SourceTitle "EXT 2023"]
[Source "ChessBase"]
[SourceDate "2022.10.05"]
[SourceVersion "1"]
[SourceVersionDate "2022.10.05"]
[SourceQuality "1"]

1. e4 c6 2. d4 d5 3. e5 Bf5 4. g4 Bg6 5. h4 h5 6. gxh5 Bxh5 7. Be2 Bxe2 8. Qxe2 e6 9. Nf3 Ne7 10. Bg5 Qa5+ 11. Nbd2 Nf5 12. c3 Nd7 13. Nb3 Qb6 14. Rc1 c5 15. Rc2 Rc8 16. Be3 Qc7 17. Kd1 Be7 18. h5 a6 19. dxc5 Nxc5 20. Bxc5 Bxc5 21. Nxc5 Qxc5 22. Kc1 Qc4 23. Qxc4 Rxc4 24. Nd4 Nxd4 25. cxd4 Rxc2+ 26. Kxc2 Rh6 27. Kd3 g6 28. Rc1 gxh5 29. Ke3 Kd7 30. Kf4 Rg6 31. Rh1 Rg4+ 32. Ke3 h4 33. Rh2 Ke7 34. b4 b5 35. a3 Rg1 36. Rh3 Rd1 37. f4 Kf8 38. Ke2 Rxd4 39. Rxh4 a5 40. bxa5 Ra4 41. Rh8+ Kg7 42. Ra8 Rxf4 43. a6 Ra4 44. a7 Rxa3 45. Kd2 b4 46. Kc2 d4 47. Kb2 d3 48. Kc1 b3 49. Kb2 d2 50. Kxa3 d1Q 51. Rg8+ Kxg8 52. a8Q+ Kg7 53. Qg2+ Kh6 54. Qf2 Kg6 55. Qf6+ Kh5 56. Qxf7+ Kg5 57. Qf6+ Kh5 58. Qxe6 Kh4 59. Qf6+ Kg4 60. e6 Qc2 61. Qg7+ Kf5 62. Qf7+ Kg5 63. e7 Qc5+ 64. Kxb3 Qb5+ 65. Kc3 Qc5+ 66. Kd3 Qa3+ 67. Ke4 Qb4+ 68. Kf3 Qb7+ 69. Kg3 Qc7+ 70. Kg2 Qb7+ 71. Kf2 Qa7+ 72. Kf3 Qa3+ 73. Ke4 Qb4+ 74. Kd3 Qa3+ 75. Kd4 Qb4+ 76. Ke5 Qc5+ 77. Ke4 Qb4+ 78. Kd3 Qa3+ 79. Kc2 Qa4+ 80. Qb3 Qe4+ 1/2-1/2